Personnalités par caricatures - Statistiques

Statistiques générales
  • Ce quiz a été pris 1 660 fois
  • Le résultat moyen est 8 sur 12
Statistiques - réponses
Par images Réponse % Correct
Donald Trump
99%
Louis de Funès
90%
Nicolas Sarkozy
83%
Marilyn Monroe
81%
Elton John
74%
Stéphane Bern
69%
Sylvester Stallone
68%
Charles III
61%
John Lennon
59%
Amy Winehouse
56%
George Clooney
56%
Elon Musk
50%
Aucun quiz correspondant
Distribution des résultats
% des personnes avec chaque résultat
Percentile par nombre de réponses
Votre historique - résultats
Vous n’avez pas pris ce quiz